Исследование деформационного поведения меди с нанокристаллическим покрытие SIALN; Перспективы развития фундаментальных наук; Т. 1

מידע ביבליוגרפי
Parent link:Перспективы развития фундаментальных наук: труды VI Международной конференции студентов и молодых ученых, Томск, 26 - 29 мая 2009 г./ Томский политехнический университет (ТПУ) ; под ред. Г. А. Вороновой.— , 2009.— 978-5-98298-544-6
Т. 1.— 2009.— С. 51-53
מחבר ראשי: Гайнутдинова Ю. И.
מחברים אחרים: Казачёнок М. С. (научный руководитель)
שפה:רוסית
יצא לאור: 2009
נושאים:
פורמט: MixedMaterials Book Chapter
KOHA link:https://koha.lib.tpu.ru/cgi-bin/koha/opac-detail.pl?biblionumber=198938

MARC

LEADER 00000naa2a2200000 4500
001 198938
005 20231031184115.0
035 |a (RuTPU)RU\TPU\book\216952 
090 |a 198938 
100 |a 20110713d2009 k y0rusy50 ca 
101 0 |a rus 
102 |a RU 
200 1 |a Исследование деформационного поведения меди с нанокристаллическим покрытие SIALN  |f Ю. И. Гайнутдинова, М. С. Казачёнок  |g науч. рук. М. С. Казачёнок 
461 1 |0 (RuTPU)RU\TPU\book\209177  |y 978-5-98298-544-6  |t Перспективы развития фундаментальных наук   |o труды VI Международной конференции студентов и молодых ученых, Томск, 26 - 29 мая 2009 г.  |o в 2 т.  |f Томский политехнический университет (ТПУ) ; под ред. Г. А. Вороновой  |d 2009 
463 0 |0 (RuTPU)RU\TPU\book\208765  |y 978-5-98298-546-0  |t Т. 1  |v С. 51-53  |d 2009  |p 542 с. 
610 1 |a медь 
610 1 |a деформация 
610 1 |a нанокристаллические покрытия 
610 1 |a исследование 
610 1 |a SIALN 
610 1 |a труды учёных ТПУ 
700 1 |a Гайнутдинова  |b Ю. И. 
701 1 |a Казачёнок  |b М. С. 
702 1 |a Казачёнок  |b М. С.  |4 727 
801 1 |a RU  |b 63413507  |c 20110713 
801 2 |a RU  |b 63413507  |c 20111111  |g RCR 
942 |c BK